00814nam a2200181 a 450000100100000000500170001000800410002704000250006808200150009311001010010824501340020926000860034330000210042950000430045004900090049395201130050299900170061500002724220200930030709.0110330s1941 dr 000 | spa d aDO-SdBNPbspacBNPHU axxxbR426r1 aRepública Dominicana.bSecretaría de Estado del Tesoro y Comercio.bServicio Aduanero95430110aRecopilación de leyes para el régimen de las aduanas y relacionadas con el procedimiento para el cobro de impuestos fiscales. aCiudad Trujillo, República Dominicana :bDirección General de Aduanas,c1941. a112 p. ;c23 cm. aIncluye notas al pie de las páginas. aBNPD 0010718PDaPDbPDcCTd2011-03-30iLF1l0oxxx R426rp27242-10r2020-06-25w2020-06-25yLFPDZNo se presta c26734d26734